| 000 | 00375cam a22001457a 4500 | ||
|---|---|---|---|
| 008 | 180718b1951 xxu||||| |||| 00| 0 eng d | ||
| 082 | _aK5 C168 | ||
| 100 | _aCantor, N. | ||
| 245 |
_aLearning through discussion _cby N. Cantor |
||
| 260 |
_aNew York _bHuman Relations for Industry _c1951 |
||
| 300 | _a111p. | ||
| 500 | _a$2.00 | ||
| 650 | _aLeadership | ||
| 650 | _aTraining | ||
| 999 |
_c361969 _d361969 |
||